LIBRARY & INFORMATION CENTRE, KCAET, TAVANUR

ONLINE PUBLIC ACCESS CATALOGUE (OPAC)

Electrical Technology Digest Vol I / (Record no. 3328)

MARC details
000 -LEADER
fixed length control field 00469cam a2200193ua 4500
041 ## - LANGUAGE CODE
Language code of text/sound track or separate title eng
082 ## - DEWEY DECIMAL CLASSIFICATION NUMBER
Classification number 621.301
Item number ARO/EL
100 ## - MAIN ENTRY--AUTHOR NAME
Personal name Arora, S K .
245 ## - TITLE STATEMENT
Title Electrical Technology Digest Vol I /
250 ## - EDITION STATEMENT
Edition statement 1 /
260 ## - PUBLICATION, DISTRIBUTION, ETC. (IMPRINT)
Place of publication Delhi :
Name of publisher Dhanpat Rai & Sons ,
Year of publication 1969.
300 ## - PHYSICAL DESCRIPTION
Number of Pages 1281 ; .
700 1# - ADDED ENTRY--PERSONAL NAME
Personal name Hasija , Pratab .
942 ## - ADDED ENTRY ELEMENTS (KOHA)
Koha item type Books
Holdings
Withdrawn status Lost status Damaged status Home library Current library Date acquired Full call number Accession Number Koha item type
      KAUAET   07/04/2012 621.301 12848 Books
free website counter